[Event "Sibiria Region-ch"]
[Site "Novokuznetsk"]
[Date "2008.03.15"]
[Round "3"]
[White "Petrukhin, Denis"]
[Black "Sambursky, Vladimir"]
[Result "1-0"]
[WhiteElo "2420"]
[BlackElo "2263"]
[PlyCount "77"]
[EventDate "2008.03.13"]
[EventType "swiss"]
[EventRounds "9"]
[EventCountry "RUS"]
[SourceTitle "CBM 123 Extra"]
[Source "ChessBase"]
[SourceDate "2008.05.06"]
[SourceVersion "1"]
[SourceVersionDate "2008.05.06"]
[SourceQuality "1"]

1. e4 d6 2. d4 g6 3. Nc3 Bg7 4. Nf3 c6 5. Be3 Nf6 6. Qd2 0-0 7. Bd3 Ng4 8. Bg5 h6 9. Bh4 Nd7 10. h3 Ngf6 11. e5 Nh7 12. exd6 Ndf6 13. dxe7 Re8 14. 0-0 Rxe7 15. Rfe1 Be6 16. Rad1 g5 17. Bg3 Nh5 18. Be5 Bxe5 19. dxe5 Rd7 20. Ne2 Nf8 21. Qe3 Ng6 22. Bxg6 Rxd1 23. Bxh5 Rxe1+ 24. Nxe1 Qd1 25. Ng3 Qb1 26. b3 Rd8 27. Ne4 Kf8 28. h4 gxh4 29. Qxh6+ Ke7 30. Qe3 b6 31. Kh2 Kd7 32. Ng5 Kc7 33. Nd3 Qxc2 34. Nf4 Qf5 35. Bg6 Qg4 36. Bxf7 Bxf7 37. Nxf7 Re8 38. e6 Qf5 39. Qd4 1-0